00991nac a22002411u 4500010001700000020002200017035002300039082001300062090001500075100003400090245011900124246004100243260006700284300003700351440003000388500006600418500002000484650004500504710006100549942001700610999001500627952010700642 a 2006297214 a0132283816 (pbk.) a(OCoLC)ocm70126815 a338.4791 c2050d2050 a20080729 00aNRAEF ManageFirst customer service :bcompetency guide /cNational Restaurant Association, Educational Foundation.30aCustomer service :bcompetency guide aUpper Saddle River, N.J. :bPearson, Prentice Hall,2007c2007. ax, 100 p. :bcol. ill. ;c28 cm. 0aNRAEF ManageFirst program a"A foundation topic of the NRAEF Certificate program"--Cover. aIncludes Index. 0aHospitality industryxCustomer services.2 aEducational Foundation (National Restaurant Association) cBBk338.4791 c2050d2050 00104070aMAINbMAINc1STd2008-02-07ePurchasel0o338.4791 NRAp000002281r2025-07-15 00:00:00yBB